[Event "Dublin Gonzaga Masters"]
[Site "Dublin"]
[Date "2024.01.27"]
[Round "3"]
[White "Mulay, Pratik"]
[Black "Ostensen, Nicolai Maxime"]
[Result "1-0"]
[WhiteElo "2012"]
[BlackElo "2194"]
[PlyCount "121"]
[EventDate "2024.01.26"]
[EventType "swiss"]
[EventRounds "5"]
[EventCountry "IRL"]
[SourceTitle "CB05_2024"]
[SourceDate "2024.01.31"]
[SourceVersion "1"]
[SourceVersionDate "2024.01.31"]
[SourceQuality "1"]

1. e4 c5 2. Nc3 Nc6 3. Bb5 Nf6 4. Bxc6 dxc6 5. d3 g6 6. Nge2 Bg7 7. 0-0 0-0 8. Bg5 Qc7 9. h3 e5 10. Qc1 Nd7 11. Bh6 Re8 12. Bxg7 Kxg7 13. f4 exf4 14. Qxf4 Qxf4 15. Rxf4 Ne5 16. a4 a5 17. b3 Be6 18. Rff1 Rad8 19. Nd1 f5 20. exf5 Bxf5 21. Nec3 Nf7 22. Nb2 Be6 23. Nc4 Bxc4 24. bxc4 Nd6 25. Rab1 Rd7 26. Rfe1 Rde7 27. Rxe7+ Rxe7 28. Kf2 Kf6 29. Kf3 Kg5 30. g3 Rf7+ 31. Kg2 Kf6 32. Re1 Re7 33. Rf1+ Kg7 34. Rc1 g5 35. Rf1 Re3 36. Kf2 Re8 37. Kg2 Kg6 38. Rb1 h5 39. Rf1 Kg7 40. Rb1 Kf6 41. Rf1+ Kg6 42. Rb1 Re7 43. Rc1 Re3 44. Kf2 Re8 45. Kg2 Re7 46. Rb1 Nf5 47. Ne4 Ne3+ 48. Kf2 Nxc2 49. Nxc5 Nb4 50. Rd1 Kf5 51. Nb3 b6 52. c5 bxc5 53. Nxc5 g4 54. hxg4+ Kxg4 55. Rh1 Rf7+ 56. Kg2 Nd5 57. Re1 Rf5 58. Ne6 Nf6 59. Nd4 c5 60. Nxf5 Kxf5 61. Re7 1-0

[Event "Penang op-A 9th"]
[Site "Penang"]
[Date "2017.12.05"]
[Round "2"]
[White "Mulay, Pratik"]
[Black "Sonjaya, Deni"]
[Result "0-1"]
[WhiteElo "2047"]
[BlackElo "2309"]
[PlyCount "92"]
[EventDate "2017.12.04"]
[EventType "swiss"]
[EventRounds "9"]
[EventCountry "MAS"]
[SourceTitle "CBM 182 Extra"]
[Source "ChessBase"]
[SourceDate "2018.02.23"]
[SourceVersion "1"]
[SourceVersionDate "2018.02.23"]
[SourceQuality "1"]

1. e4 e5 2. Nf3 Nc6 3. d4 exd4 4. Bc4 d6 5. 0-0 Be7 6. Nxd4 Ne5 7. Be2 Nf6 8. Nc3 0-0 9. f4 Ng6 10. Bf3 Re8 11. g3 Bh3 12. Bg2 Bxg2 13. Kxg2 Bf8 14. Qf3 Qd7 15. a4 Rad8 16. Bd2 d5 17. exd5 Bb4 18. d6 c6 19. Rad1 Qxd6 20. Nb3 Qc7 21. Rfe1 Qc8 22. Rxe8+ Rxe8 23. Re1 Rd8 24. Ne4 Bxd2 25. Nbxd2 Nd5 26. f5 Ne5 27. Qh5 f6 28. Re2 b6 29. b3 Ne7 30. Nf3 Qxf5 31. Qxf5 Nxf5 32. Nxe5 fxe5 33. Ng5 Re8 34. c3 h6 35. Nf3 e4 36. Nd2 Nd6 37. Re3 Kf7 38. Kf2 Kf6 39. c4 Rf8 40. Ke2 Ke5 41. c5 bxc5 42. Rc3 Kd5 43. Nf1 Nf5 44. Nd2 h5 45. Rc4 Nd4+ 46. Ke3 Nxb3 0-1

[Event "Barcelona Sant Marti op-A 18th"]
[Site "Barcelona"]
[Date "2016.07.17"]
[Round "5"]
[White "Mulay, Pratik"]
[Black "Parnali, S Dharia"]
[Result "1/2-1/2"]
[WhiteElo "1983"]
[BlackElo "2161"]
[PlyCount "142"]
[EventDate "2016.07.13"]
[EventType "swiss"]
[EventRounds "9"]
[EventCountry "ESP"]
[SourceTitle "CBM 173 Extra"]
[Source "ChessBase"]
[SourceDate "2016.08.29"]
[SourceVersion "1"]
[SourceVersionDate "2016.08.29"]
[SourceQuality "1"]

1. e4 e5 2. Nf3 Nc6 3. Bb5 a6 4. Bxc6 dxc6 5. 0-0 Bg4 6. h3 h5 7. d3 Qf6 8. Nbd2 Bc5 9. Nc4 Bxf3 10. Qxf3 Qxf3 11. gxf3 f6 12. Be3 Bd6 13. Rfd1 0-0-0 14. c3 Ne7 15. Kf1 c5 16. a3 Nc6 17. b4 cxb4 18. axb4 Kd7 19. Ke2 g5 20. Rdb1 Ke6 21. b5 axb5 22. Rxb5 b6 23. d4 exd4 24. cxd4 Kf7 25. Rc1 Bf4 26. Ne5+ Nxe5 27. Bxf4 gxf4 28. dxe5 Rd7 29. exf6 Kxf6 30. Rf5+ Ke6 31. Rc6+ Ke7 32. Rxf4 Rhd8 33. Rf5 Rd2+ 34. Ke3 R8d3+ 35. Kf4 Kd7 36. Rh6 Rxf2 37. Kg3 Re2 38. e5 b5 39. Rf7+ Kc8 40. Rc6 Rxe5 41. Rcxc7+ Kb8 42. h4 Red5 43. Rb7+ Kc8 44. Rfc7+ Kd8 45. Rh7 Kc8 46. Rbc7+ Kb8 47. Rcg7 Kc8 48. Rh8+ Rd8 49. Rxh5 Rf8 50. Rc5+ Kd8 51. Rxb5 Rdxf3+ 52. Kg4 R3f7 53. Rxf7 Rxf7 54. h5 Rf1 55. Re5 Rg1+ 56. Kf5 Rf1+ 57. Kg6 Rg1+ 58. Kh7 Kd7 59. Re2 Kd6 60. Re8 Kd7 61. Rg8 Rh1 62. Rg5 Ke7 63. Kg7 Rf1 64. h6 Rf7+ 65. Kg6 Rf6+ 66. Kh5 Rf1 67. h7 Kf7 68. h8N+ Kf6 69. Rg6+ Kf5 70. Kh6 Rh1+ 71. Kg7 Rxh8 1/2-1/2

[Event "Barcelona Sant Marti op-A 18th"]
[Site "Barcelona"]
[Date "2016.07.15"]
[Round "3"]
[White "Tahay, Alexis"]
[Black "Mulay, Pratik"]
[Result "0-1"]
[WhiteElo "2119"]
[BlackElo "1983"]
[PlyCount "120"]
[EventDate "2016.07.13"]
[EventType "swiss"]
[EventRounds "9"]
[EventCountry "ESP"]
[SourceTitle "CBM 173 Extra"]
[Source "ChessBase"]
[SourceDate "2016.08.29"]
[SourceVersion "1"]
[SourceVersionDate "2016.08.29"]
[SourceQuality "1"]

1. e4 e6 2. d4 d5 3. Nd2 Nf6 4. e5 Nfd7 5. Bd3 c5 6. c3 Nc6 7. Ngf3 Be7 8. 0-0 g5 9. Qe2 g4 10. Ne1 h5 11. Qe3 Qb6 12. Nc2 Nf8 13. dxc5 Qxc5 14. Qe2 Qb6 15. Kh1 Ng6 16. f4 Bd7 17. Nb3 Nh4 18. Be3 Qc7 19. Ncd4 Nf5 20. Nb5 Qd8 21. Bxf5 exf5 22. Bc5 Be6 23. Bxe7 Qxe7 24. Nd6+ Kf8 25. Qd3 b6 26. Nxf5 Bxf5 27. Qxf5 Qe6 28. Qd3 Rd8 29. Nd4 Nxd4 30. Qxd4 f5 31. a4 Rh7 32. a5 b5 33. Qc5+ Kg8 34. Qxb5 h4 35. Rad1 h3 36. g3 d4 37. Rxd4 Rhd7 38. Rfd1 Rxd4 39. cxd4 a6 40. Qc5 Qb3 41. Rd2 Qb7+ 42. Kg1 Rc8 43. Qxc8+ Qxc8 44. Kf2 Qc1 45. Ke3 Qe1+ 46. Re2 Qxa5 47. e6 Kf8 48. Kf2 Ke7 49. Kf1 Qd5 50. Kf2 Qxd4+ 51. Ke1 Qd5 52. Kf2 Qb7 53. Ke3 Kxe6 54. Kd4+ Kd6 55. Kd3 Kc5 56. Kc3 Qf3+ 57. Kd2 Kd4 58. Re5 Qd3+ 59. Kc1 Qf1+ 60. Kd2 Qb1 0-1

[Event "Barbera del Valles op 39th"]
[Site "Barbera del Valles"]
[Date "2016.07.12"]
[Round "9"]
[White "Yashas, Devappa"]
[Black "Mulay, Pratik"]
[Result "1-0"]
[WhiteElo "2201"]
[BlackElo "1983"]
[PlyCount "93"]
[EventDate "2016.07.04"]
[EventType "swiss"]
[EventRounds "9"]
[EventCountry "ESP"]
[SourceTitle "EXT 2017"]
[Source "ChessBase"]
[SourceDate "2016.10.25"]
[SourceVersion "1"]
[SourceVersionDate "2016.10.25"]
[SourceQuality "1"]

1. Nf3 Nf6 2. g3 g6 3. Bg2 Bg7 4. 0-0 0-0 5. d3 d6 6. e4 c5 7. h3 Nc6 8. Nc3 Rb8 9. a4 b6 10. Be3 e5 11. Nd2 a6 12. Ne2 b5 13. axb5 axb5 14. c3 Be6 15. f4 exf4 16. Nxf4 Ne5 17. Qe2 Qd7 18. d4 Bc4 19. Nxc4 Nxc4 20. Bf2 cxd4 21. cxd4 Rfe8 22. b3 Nb6 23. Qd3 g5 24. Ne2 Qe7 25. Nc3 b4 26. Nb5 Nxe4 27. Ra7 Nxf2 28. Rxf2 Qe1+ 29. Rf1 Qe3+ 30. Qxe3 Rxe3 31. Rfxf7 Bh8 32. Rfb7 Rxb7 33. Rxb7 Nc8 34. Bd5+ Kf8 35. Rf7+ Ke8 36. Nc7+ Kd8 37. Ne6+ Rxe6 38. Bxe6 Bxd4+ 39. Kg2 Ne7 40. Rxh7 Be5 41. h4 gxh4 42. gxh4 Ng6 43. Bf5 Ne7 44. Bg4 Nd5 45. Kf3 Nf6 46. Rb7 Bc3 47. h5 1-0

[Event "Barbera del Valles op 39th"]
[Site "Barbera del Valles"]
[Date "2016.07.04"]
[Round "1"]
[White "Teichmann, Erik Oskar Michael"]
[Black "Mulay, Pratik"]
[Result "1/2-1/2"]
[WhiteElo "2312"]
[BlackElo "1983"]
[PlyCount "176"]
[EventDate "2016.07.04"]
[EventType "swiss"]
[EventRounds "9"]
[EventCountry "ESP"]
[SourceTitle "EXT 2017"]
[Source "ChessBase"]
[SourceDate "2016.10.25"]
[SourceVersion "1"]
[SourceVersionDate "2016.10.25"]
[SourceQuality "1"]

1. b4 e5 2. Bb2 Bxb4 3. Bxe5 Nf6 4. Nf3 0-0 5. e3 Re8 6. Be2 c5 7. 0-0 Nc6 8. Bb2 d5 9. d3 Ba5 10. Nbd2 Bc7 11. c4 Be6 12. cxd5 Bxd5 13. Qa4 Nd7 14. Rfc1 b5 15. Qg4 Nce5 16. Nxe5 Nxe5 17. Qh5 Re6 18. f4 Rh6 19. Qg5 Qxg5 20. fxg5 Rc6 21. Nf3 f6 22. gxf6 gxf6 23. e4 Bf7 24. d4 cxd4 25. Rxc6 Nxc6 26. Rc1 Bb6 27. Bxb5 Ne5 28. Nxe5 fxe5 29. a4 d3+ 30. Kf1 d2 31. Rd1 Ba5 32. Bxe5 Bb3 33. Ke2 Bxd1+ 34. Kxd1 Rc8 35. Bb2 Kf7 36. Bd3 Bb4 37. Bc2 Ke7 38. Bd4 a5 39. Be3 Kd6 40. Bxd2 Bxd2 41. Kxd2 Ke5 42. g3 Rc6 43. Bd1 Rd6+ 44. Ke2 Rh6 45. h4 Rg6 46. Kf3 Rd6 47. Ke2 Rd4 48. Bc2 Rc4 49. Kd2 h5 50. Kd1 Rc3 51. Kd2 Rxg3 52. Bd1 Ra3 53. Bxh5 Rxa4 54. Bg6 Kd4 55. Kc2 Rb4 56. h5 a4 57. h6 a3 58. h7 Rb2+ 59. Kc1 Rh2 60. Kb1 Kc3 61. Ka1 Kb4 62. e5 a2 63. Bf7 Ka3 64. h8Q Rxh8 65. Bxa2 Rh1+ 66. Bb1 Re1 67. e6 Rxe6 68. Bc2 Kb4 69. Kb2 Re2 70. Kb1 Kc3 71. Bf5 Re5 72. Bg6 Rb5+ 73. Ka1 Rb8 74. Bf5 Rb2 75. Bg6 Kb3 76. Bf5 Ka3 77. Bg6 Rb4 78. Bf5 Rf4 79. Bh7 Kb3 80. Bg8+ Ka3 81. Bh7 Rf1+ 82. Bb1 Rf2 83. Be4 Rh2 84. Kb1 Re2 85. Bd3 Rb2+ 86. Ka1 Rd2 87. Bf5 Rd1+ 88. Bb1 Rxb1+ 1/2-1/2

[Event "Panchavati op 2nd"]
[Site "Panchavati"]
[Date "2016.05.21"]
[Round "8"]
[White "Gagare, Shardul"]
[Black "Mulay, Pratik"]
[Result "1/2-1/2"]
[WhiteElo "2514"]
[BlackElo "1961"]
[PlyCount "72"]
[EventDate "2016.05.17"]
[EventType "swiss"]
[EventRounds "10"]
[EventCountry "IND"]
[SourceTitle "CBM 172 Extra"]
[Source "ChessBase"]
[SourceDate "2016.06.21"]
[SourceVersion "1"]
[SourceVersionDate "2016.06.21"]
[SourceQuality "1"]

1. c4 Nf6 2. g3 e5 3. Bg2 c6 4. d4 e4 5. d5 Bb4+ 6. Bd2 Qe7 7. Nc3 Na6 8. a3 Bxc3 9. Bxc3 cxd5 10. cxd5 d6 11. Qd2 Bf5 12. Nh3 0-0 13. 0-0 Rfe8 14. Qg5 Bg6 15. Nf4 Nh5 16. Qxe7 Rxe7 17. Bd2 Nc7 18. Rfd1 Nf6 19. Bb4 Rd8 20. Rac1 Nfe8 21. Bd2 Nf6 22. Be3 b6 23. Bh3 h6 24. Bd4 Ncxd5 25. Nxd5 Nxd5 26. Bxg7 Kxg7 27. Rxd5 Re5 28. Rcd1 Rxd5 29. Rxd5 Kf6 30. e3 Ke7 31. Kf1 f6 32. Ke1 Bf7 33. Rd4 d5 34. Rd2 Be6 35. Bxe6 Kxe6 36. Rc2 Kd7 1/2-1/2

[Event "Panchavati op 2nd"]
[Site "Panchavati"]
[Date "2016.05.21"]
[Round "9"]
[White "Mulay, Pratik"]
[Black "Matta, Vinay Kumar"]
[Result "0-1"]
[WhiteElo "1961"]
[BlackElo "2169"]
[PlyCount "56"]
[EventDate "2016.05.17"]
[EventType "swiss"]
[EventRounds "10"]
[EventCountry "IND"]
[SourceTitle "CBM 172 Extra"]
[Source "ChessBase"]
[SourceDate "2016.06.21"]
[SourceVersion "1"]
[SourceVersionDate "2016.06.21"]
[SourceQuality "1"]

1. e4 e5 2. Nf3 Nc6 3. Bc4 Nf6 4. d4 exd4 5. Ng5 Ne5 6. Bb3 h6 7. f4 hxg5 8. fxe5 Nxe4 9. Qf3 d5 10. exd6 Nxd6 11. 0-0 Be6 12. Bxe6 fxe6 13. Qg4 Nf5 14. Bxg5 Qd5 15. Nd2 Bd6 16. Nf3 0-0 17. Rae1 Ne3 18. Bxe3 dxe3 19. Kh1 Rf4 20. Qg6 Rf6 21. Qg4 Bc5 22. b4 Bd6 23. Rxe3 Qxa2 24. c4 Raf8 25. Qe4 Bxb4 26. Rd1 Bd6 27. Re2 Qa4 28. Rde1 Qa5 0-1

[Event "New Delhi Parsvnath op 10th"]
[Site "New Delhi"]
[Date "2012.01.22"]
[Round "10"]
[White "Mulay, Pratik"]
[Black "Kunal, M."]
[Result "1/2-1/2"]
[WhiteElo "1977"]
[BlackElo "2288"]
[PlyCount "79"]
[EventDate "2012.01.15"]
[EventType "swiss"]
[EventRounds "11"]
[EventCountry "IND"]
[SourceTitle "CBM 146 Extra"]
[Source "ChessBase"]
[SourceDate "2012.02.29"]
[SourceVersion "1"]
[SourceVersionDate "2012.02.29"]
[SourceQuality "1"]

1. e4 c6 2. d4 d5 3. Nc3 g6 4. e5 Nh6 5. Nge2 Nf5 6. Ng3 Bg7 7. Be2 Qb6 8. Nxf5 Bxf5 9. Na4 Qa5+ 10. c3 h5 11. b4 Qc7 12. Be3 Nd7 13. 0-0 e6 14. Qd2 Nb6 15. Nc5 Nc4 16. Bxc4 dxc4 17. f3 a5 18. a3 Bf8 19. Ne4 Be7 20. Bf4 Qd8 21. Bg5 Bxg5 22. Nxg5 h4 23. Ne4 Bxe4 24. fxe4 Qe7 25. Rac1 h3 26. g3 axb4 27. axb4 0-0 28. Ra1 Kg7 29. Qf4 b5 30. Qf6+ Qxf6 31. exf6+ Kh6 32. e5 g5 33. Kf2 Kh5 34. Kf3 Ra4 35. Rxa4 bxa4 36. Ra1 Ra8 37. Ra3 Ra7 38. Ke3 Kg4 39. Ke4 Ra6 40. Ke3 1/2-1/2